Reforma procesal : medidas urgentes : procesos civiles, proceso penal, proceso contencioso-administrativo : Ley 10/1992, de 30 de abril (BOE de 5 de mayo de 1992, núm. 108, R. 1027) medidas urgentes :
Descripción Física:
29 p. ; 24 cm
MARC
| LEADER | 00000nam a2200000Ia 4500 | ||
|---|---|---|---|
| 001 | 14771 | ||
| 008 | 160829s9999 xx 000 0 cat d | ||
| 080 | |a FU-30-13 | ||
| 100 | |a Espanya. Ley de Medidas Urgentes de Reforma Procesal (1992) |9 24727 | ||
| 245 | |a Reforma procesal : |b medidas urgentes : |b procesos civiles, proceso penal, proceso contencioso-administrativo : |b Ley 10/1992, de 30 de abril (BOE de 5 de mayo de 1992, núm. 108, R. 1027) | ||
| 260 | |a Pamplona : |b Aranzadi, cop. 1992 | ||
| 300 | |a 29 p. ; |c 24 cm | ||
| 590 | |a Conté el text de la llei. | ||
| 590 | |a Índex | ||
| 650 | |a Procediment civil |x Dret i legislació |x Espanya |9 24728 | ||
| 650 | |a Procediment penal |x Dret i legislació |x Espanya |9 24729 | ||
| 650 | |a Recurs contenciós administratiu |x Dret i legislació |x Espanya |9 24730 | ||
| 901 | |a Arxiu | ||
| 942 | |n 1 | ||
| 952 | |0 0 |1 0 |4 0 |6 FU3013 |7 1 |9 43290 |a Arxiu |b Arxiu |d 2016-12-01 |l 0 |o FU-30-13 |p 14771 |r 2016-12-01 00:00:00 |w 2016-12-01 |y ARXIU | ||
| 999 | |c 45835 |d 45835 | ||